| 000 | 00662naa a2200205 4500 | ||
|---|---|---|---|
| 001 | 108103 | ||
| 003 | ES-MaBCM | ||
| 005 | 20241016140224.0 | ||
| 008 | 050419s2005 gbr|r0p 0 ||eng d | ||
| 021 | _axx | ||
| 035 | _a(OCoLC)1365145282 | ||
| 040 | _cES-MaBCM | ||
| 100 | 1 |
_aCole, Alexandra _961475 |
|
| 245 | 0 | 0 |
_aOld right or new right? _b: the ideological positioning of parties of the far right _cAlexandra Cole |
| 520 | 0 | _aContiene bibliografía | |
| 651 | 1 | 4 |
_aEuropa _9115402 |
| 650 | 1 | 7 |
_aExtrema derecha _958671 |
| 773 | 0 |
_aEn: _t. European journal of political research _dOxford _w104418 _gVol. 44 (2005) No. 2 (Mar.), p. 203-230 |
|
| 942 | _cAREV | ||
| 999 |
_c108103 _d108103 |
||